00353nam a2200109Ia 4500008004100000082001500041100001600056245005300072942000600125952009700131999001500228240331s9999 xx 000 0 und d a303.6bMIS aMisra, S.S. 0aEthnic conflict and security crisis in Sri Lanka cL 001040708LaWERCLbWERCLcSSCd2024-03-31l0o 303.6 MISp5104r2024-03-31w2024-03-31yL c1272d1272